Detalles MARC
| 000 -LEADER |
| fixed length control field |
01120nam a22002897a 4500 |
| 001 - CONTROL NUMBER |
| control field |
000685 |
| 003 - CONTROL NUMBER IDENTIFIER |
| control field |
DO-SdBNP |
| 005 - DATE AND TIME OF LATEST TRANSACTION |
| control field |
20221103133242.0 |
| 007 - PHYSICAL DESCRIPTION FIXED FIELD--GENERAL INFORMATION |
| fixed length control field |
000685 |
| 008 - FIXED-LENGTH DATA ELEMENTS--GENERAL INFORMATION |
| fixed length control field |
151210b 2010 sp ac 00| 0 spa d |
| 020 ## - INTERNATIONAL STANDARD BOOK NUMBER |
| International Standard Book Number |
9788403099951 |
| 040 ## - CATALOGING SOURCE |
| Original cataloging agency |
BPMSU |
| Language of cataloging |
spa |
| Transcribing agency |
BPMSU |
| 082 #4 - DEWEY DECIMAL CLASSIFICATION NUMBER |
| Classification number |
709.024 |
| Item number |
B646s 2010 |
| Edition number |
22 |
| 100 1# - MAIN ENTRY--PERSONAL NAME |
| Personal name |
Blech, Benjamin |
| 240 14 - UNIFORM TITLE |
| Uniform title |
<a href="The sistine secrets. Michelangelo´s forbidden massages in the heart of the Vatican /">The sistine secrets. Michelangelo´s forbidden massages in the heart of the Vatican /</a> |
| Language of a work |
Español |
| 245 14 - TITLE STATEMENT |
| Title |
Los secretos de la Capilla Sixtina : |
| Remainder of title |
los mensajes prohibidos de Miguel Ángel en el corazón del Vaticano / |
| Statement of responsibility, etc. |
Benjamin Blech, Roy Doliner ; traducción Isabel Murillo |
| 260 ## - PUBLICATION, DISTRIBUTION, ETC. (IMPRINT) |
| Place of publication, distribution, etc. |
Madrid ; |
| Name of publisher, distributor, etc. |
Aguilar, |
| -- |
Santillana ediciones generales, |
| Date of publication, distribution, etc. |
2010. |
| 300 ## - PHYSICAL DESCRIPTION |
| Extent |
343 p.; |
| Other physical details |
il., retr. ; |
| Dimensions |
24 cm. |
| 500 ## - GENERAL NOTE |
| General note |
Incluye referencias bibliográficas y notas al pie de las páginas |
| 504 ## - BIBLIOGRAPHY, ETC. NOTE |
| Bibliography, etc |
Bibliografía p: 339-341 |
| 600 14 - SUBJECT ADDED ENTRY--PERSONAL NAME |
| Personal name |
Miguel Ángel, |
| Dates associated with a name |
1475-1564. |
| 650 #4 - SUBJECT ADDED ENTRY--TOPICAL TERM |
| Topical term or geographic name as entry element |
Capilla sixtina. (Ciudad del Vaticano) |
| 650 #4 - SUBJECT ADDED ENTRY--TOPICAL TERM |
| Topical term or geographic name as entry element |
Arte cristiano |
| Geographic subdivision |
Italia. |
| 700 12 - ADDED ENTRY--PERSONAL NAME |
| Personal name |
Murillo, Isabel |
| Relator term |
trad. |
| 910 ## - USER-OPTION DATA (OCLC) |
| User-option data |
Lockward/ VMateo V. /Validado |
| 942 ## - ADDED ENTRY ELEMENTS (KOHA) |
| Source of classification or shelving scheme |
Dewey Decimal Classification |
| Koha item type |
Libros |